[Event "9th Sunway Sitges 2022"]
[Site "Sitges ESP"]
[Date "2022.12.14"]
[Round "3.98"]
[White "Khandhar, Kaushal"]
[Black "Sieber, Fiona"]
[Result "1/2-1/2"]
[BlackTitle "WIM"]
[WhiteElo "2020"]
[BlackElo "2245"]
[WhiteFideId "5702763"]
[BlackFideId "12902373"]
[EventDate "2022.12.12"]

1. d4 Nf6 2. Bf4 c5 3. e3 Nd5 4. dxc5 Nxf4 5. exf4 Qa5+ 6. Qd2 Qxc5 7. Nf3 e6 8.
Bd3 Be7 9. O-O O-O 10. Nc3 f5 11. Ne2 b6 12. Ned4 Bb7 13. Rfe1 Nc6 14. Nb3 Qd6
15. c3 Bf6 16. Rad1 Ne7 17. Ne5 Rfd8 18. Qe2 Qc7 19. Nd4 a6 20. Bc4 Bxe5 21.
fxe5 Ng6 22. g3 Kh8 23. f4 Rg8 24. h4 b5 25. Bd3 Qc5 26. a3 Qe7 27. Qf2 Qf7 28.
Be2 Ne7 29. Bf3 Bxf3 30. Nxf3 Nd5 31. Ng5 Qe7 32. Rd3 Rgc8 33. Red1 Rc4 34. Rd4
Rac8 35. Rxc4 Rxc4 36. Qa7 Qc5+ 37. Qxc5 Rxc5 38. Kf2 Kg8 39. Nf3 Kf7 40. Rd4
Ke7 41. Ne1 Nb6 42. Nd3 Rd5 43. Rxd5 Nxd5 44. Nb4 Nxb4 45. axb4 d5 46. exd6+
Kxd6 47. Ke3 e5 48. fxe5+ Kxe5 49. b3 g6 50. c4 h6 51. Kd3 g5 52. hxg5 hxg5 53.
Ke3 bxc4 54. bxc4 f4+ 55. gxf4+ gxf4+ 56. Kf3 Kd4 57. c5 Kd5 58. Kxf4 a5 59.
bxa5 Kxc5 1/2-1/2

[Event "9th Sunway Sitges 2022"]
[Site "Sitges ESP"]
[Date "2022.12.14"]
[Round "3.99"]
[White "Frederic, Clement"]
[Black "Krassel, Timofei"]
[Result "1-0"]
[WhiteElo "2245"]
[BlackElo "1787"]
[WhiteFideId "637319"]
[BlackFideId "55733948"]
[EventDate "2022.12.12"]

1. f4 d5 2. Nf3 Nf6 3. g3 c5 4. Bg2 Nc6 5. O-O g6 6. d3 Bg7 7. Na3 O-O 8. c4 d4
9. Bd2 Nd7 10. g4 Nf6 11. h3 h5 12. g5 Ne8 13. Nh4 Nd6 14. Nc2 a5 15. Rb1 Bd7
16. b3 e6 17. a3 Ra7 18. b4 b6 19. bxc5 bxc5 20. e4 dxe3 21. Bxe3 Nd4 22. Nxd4
cxd4 23. Bd2 Qc7 24. Qb3 Nc8 25. Rb2 Bc6 26. Bxc6 Qxc6 27. Qb5 Qa8 28. Rfb1 f6
29. Qc5 fxg5 30. Rb8 gxh4 31. Rxa8 Rxa8 32. Rb7 Kh8 33. Qc7 Kg8 34. Be1 a4 35.
Bxh4 e5 36. Bf6 Bxf6 37. Qh7# 1-0

[Event "9th Sunway Sitges 2022"]
[Site "Sitges ESP"]
[Date "2022.12.14"]
[Round "3.100"]
[White "Lever, Erwan"]
[Black "Saravanan, Durga"]
[Result "1-0"]
[WhiteElo "2241"]
[BlackElo "1784"]
[WhiteFideId "20640099"]
[BlackFideId "35068601"]
[EventDate "2022.12.12"]

1. d4 Nf6 2. c4 e6 3. g3 d5 4. Nf3 Bb4+ 5. Nbd2 O-O 6. Bg2 dxc4 7. Qc2 b5 8. a4
Bb7 9. axb5 Qd5 10. O-O Bxd2 11. Bxd2 Qxb5 12. Rfc1 Bd5 13. Ne5 Bxg2 14. Kxg2
Qd5+ 15. Nf3 Nbd7 16. Qxc4 Rfc8 17. Qxd5 Nxd5 18. Rc6 Nb8 19. Rc5 c6 20. Ne5 f6
21. Nd3 Nd7 22. Rca5 Rc7 23. e4 N5b6 24. b3 Kf7 25. f4 Nc8 26. Ra6 Nd6 27. Kf3
Nb5 28. Ke3 c5 29. dxc5 Nxc5 30. Nxc5 Rxc5 31. R1a5 Rac8 32. b4 Rh5 33. Rxa7+
Nxa7 34. Rxh5 h6 35. Ra5 Rc7 36. Kd3 Rd7+ 37. Kc3 Nc6 38. Rb5 Nd4 39. Rb6 Ne2+
40. Kc2 Nd4+ 41. Kb2 Nf3 42. Bc3 Nxh2 43. b5 Nf1 44. Be1 Ne3 45. Rc6 Rb7 46. Rc5
Ke7 47. Kb3 Kd7 48. Bf2 Ng4 49. Bg1 Kd6 50. Kb4 e5 51. f5 h5 52. Rd5+ Kc7 53.
Ka5 Nh6 54. Ka6 Nf7 55. Ba7 Kc8 56. Rc5+ Rc7 57. Rxc7+ Kxc7 58. b6+ Kd7 59. b7
Nd6 60. b8=Q Kc6 61. Bb6 Nxe4 62. Qc8+ Kd5 63. Qe6# 1-0

[Event "9th Sunway Sitges 2022"]
[Site "Sitges ESP"]
[Date "2022.12.14"]
[Round "3.101"]
[White "Zhang, Kendrick Botong"]
[Black "Rajarishi, Karthi"]
[Result "0-1"]
[WhiteTitle "CM"]
[BlackTitle "CM"]
[WhiteElo "1963"]
[BlackElo "2239"]
[WhiteFideId "4307704"]
[BlackFideId "5092523"]
[EventDate "2022.12.12"]

1. e4 e6 2. d4 d5 3. Nc3 Bb4 4. e5 c5 5. a3 Bxc3+ 6. bxc3 Qc7 7. Qg4 Ne7 8. Bd3
cxd4 9. Ne2 dxc3 10. Qxg7 Rg8 11. Qxh7 Qxe5 12. Bf4 Qf6 13. h4 Rxg2 14. Bg3 e5
15. Qh5 e4 16. Bb5+ Bd7 17. Bxd7+ Nxd7 18. Kf1 Rxg3 19. Nxg3 O-O-O 20. Qg5 Qe6
21. Qe3 Nc6 22. Ne2 Nde5 23. Rd1 Nc4 24. Qxc3 e3 25. Nd4 Qf6 26. Rh2 Nd2+ 27.
Rxd2 exd2 28. Qh3+ Rd7 29. Qd3 Qxd4 0-1

[Event "9th Sunway Sitges 2022"]
[Site "Sitges ESP"]
[Date "2022.12.14"]
[Round "3.102"]
[White "Mannion, Stephen R"]
[Black "Aadith, R"]
[Result "1-0"]
[WhiteTitle "IM"]
[WhiteElo "2233"]
[BlackElo "1714"]
[WhiteFideId "2400111"]
[BlackFideId "35050362"]
[EventDate "2022.12.12"]

1. e4 c5 2. Nf3 Nc6 3. d4 cxd4 4. Nxd4 Nf6 5. Nc3 e6 6. Ndb5 d6 7. Bf4 e5 8. Bg5
a6 9. Na3 b5 10. Bxf6 gxf6 11. Nd5 Bg7 12. Bd3 O-O 13. O-O Ne7 14. Nxe7+ Qxe7
15. c4 bxc4 16. Nxc4 Rb8 17. Qe2 Kh8 18. Rad1 Be6 19. b3 Bh6 20. Ne3 a5 21. Nd5
Bxd5 22. exd5 Rg8 23. Qh5 Qf8 24. Rfe1 Qg7 25. g3 Rb4 26. Re4 Qg6 27. Rxe5 Qg4
28. Qxh6 Qxd1+ 29. Kg2 dxe5 30. Qxh7# 1-0

[Event "9th Sunway Sitges 2022"]
[Site "Sitges ESP"]
[Date "2022.12.14"]
[Round "3.103"]
[White "Mompel Ferruz, Xavier"]
[Black "Gulatz, Maurice"]
[Result "1/2-1/2"]
[BlackTitle "CM"]
[WhiteElo "1953"]
[BlackElo "2227"]
[WhiteFideId "54585775"]
[BlackFideId "24642746"]
[EventDate "2022.12.12"]

1. e4 e5 2. Nf3 Nc6 3. Bc4 Bc5 4. c3 Nf6 5. d3 O-O 6. O-O d5 7. exd5 Nxd5 8. b4
Be7 9. b5 Na5 10. Bxd5 Qxd5 11. c4 Qd8 12. Bd2 c6 13. Qe1 b6 14. Nxe5 Bf6 15.
Qe4 Re8 16. f4 g6 17. Bxa5 bxa5 18. Nd2 Bf5 19. Qxc6 Bxd3 20. Rfe1 Rc8 21. Qb7
Rc7 22. Qf3 Bxe5 23. fxe5 Rxe5 24. Rxe5 Qd4+ 25. Qe3 Qxa1+ 26. Kf2 Bxc4 27. Qf4
Qxa2 28. Re8+ Kg7 29. Qe5+ Kh6 30. Qf4+ Kg7 31. Qe5+ Kh6 32. Qf4+ Kg7 33. Qe5+ 1/2-1/2

[Event "9th Sunway Sitges 2022"]
[Site "Sitges ESP"]
[Date "2022.12.14"]
[Round "3.104"]
[White "Dahale, Atul"]
[Black "Schulze, Tim"]
[Result "1-0"]
[WhiteTitle "CM"]
[WhiteElo "2222"]
[BlackElo "1710"]
[WhiteFideId "5037794"]
[BlackFideId "16258177"]
[EventDate "2022.12.12"]

1. e4 c6 2. d3 d5 3. Nd2 e5 4. Ngf3 Bd6 5. g3 Nf6 6. Bg2 O-O 7. O-O Re8 8. Qe2
Nbd7 9. c4 Nf8 10. Nh4 Bc5 11. Nb3 Bb6 12. Be3 Bxe3 13. fxe3 dxc4 14. dxc4 Bg4
15. Bf3 Bxf3 16. Qxf3 Qd3 17. Nc5 Qxc4 18. Rac1 Qb4 19. Nf5 Ne6 20. Nxg7 Nxc5
21. Qxf6 Qxe4 22. Nf5 Qd5 23. Qg7# 1-0

[Event "9th Sunway Sitges 2022"]
[Site "Sitges ESP"]
[Date "2022.12.14"]
[Round "3.105"]
[White "Bibilashvili, Lali"]
[Black "Bach, Matthias"]
[Result "0-1"]
[WhiteTitle "WCM"]
[BlackTitle "FM"]
[WhiteElo "1900"]
[BlackElo "2208"]
[WhiteFideId "13604236"]
[BlackFideId "4603168"]
[EventDate "2022.12.12"]

1. Nf3 d6 2. g3 e5 3. d3 f5 4. Bg2 Nf6 5. c4 Be7 6. Nc3 O-O 7. O-O Na6 8. Bg5 c6
9. Rb1 h6 10. Bxf6 Bxf6 11. e4 Nc5 12. b4 fxe4 13. dxe4 Ne6 14. Ne2 a5 15. a3
axb4 16. axb4 Qe7 17. Qc2 Bd7 18. Ra1 Nc7 19. Nd2 Bg4 20. Nc3 Ne6 21. Qd3 Nd4
22. h3 Be6 23. Ne2 Nxe2+ 24. Qxe2 Qf7 25. Rfc1 Bg5 26. Rxa8 Rxa8 27. h4 Be7 28.
Bf1 Ra2 29. Qe3 Qf8 30. Rd1 Qa8 31. Qf3 Qa4 32. b5 Qb4 33. Nb1 Bxc4 34. Qg4 Bf7
35. Qc8+ Bf8 36. bxc6 Qc5 37. Rd2 Qxc6 38. Qf5 Ra1 39. Rb2 Qc1 40. Rxb7 Bc4 41.
Qh3 Rxb1 42. Rxb1 Qxb1 0-1

[Event "9th Sunway Sitges 2022"]
[Site "Sitges ESP"]
[Date "2022.12.14"]
[Round "3.106"]
[White "Harshad, S"]
[Black "Chitre Arush"]
[Result "1-0"]
[WhiteTitle "FM"]
[WhiteElo "2202"]
[BlackElo "1646"]
[WhiteFideId "46616551"]
[BlackFideId "25959026"]
[EventDate "2022.12.12"]

1. e4 e5 2. Nf3 Nc6 3. Bb5 Nge7 4. Nc3 g6 5. d4 exd4 6. Nd5 Bg7 7. Bg5 h6 8. Bf6
Bxf6 9. Nxf6+ Kf8 10. O-O a6 11. Bc4 b5 12. Bb3 d6 13. Nxd4 Nxd4 14. Qxd4 c5 15.
Nd7+ Kg8 16. Nxc5 Qb6 17. Qf6 Rh7 18. Qxe7 Bg4 19. Nd7 Bxd7 20. Qxd7 Rd8 21. Qe7
a5 22. a4 bxa4 23. Rxa4 Rc8 24. Rd1 Rg7 25. Qxd6 Qxd6 26. Rxd6 Kh7 27. Rxa5 f5
28. exf5 h5 29. fxg6+ Kh6 30. h4 1-0

[Event "9th Sunway Sitges 2022"]
[Site "Sitges ESP"]
[Date "2022.12.14"]
[Round "3.107"]
[White "Webb, Laurence E"]
[Black "Escudero Ribo, Eloi"]
[Result "1-0"]
[WhiteTitle "FM"]
[WhiteElo "2201"]
[BlackElo "1626"]
[WhiteFideId "402389"]
[BlackFideId "54770165"]
[EventDate "2022.12.12"]

1. d4 Nf6 2. c4 g6 3. Nc3 d5 4. cxd5 Nxd5 5. Bd2 Bg7 6. e4 Nxc3 7. Bxc3 O-O 8.
Qd2 Nd7 9. Rd1 b6 10. Nf3 Bb7 11. Bd3 e6 12. O-O a5 13. Rfe1 Re8 14. h3 c5 15.
Qf4 Qe7 16. h4 h6 17. a3 b5 18. Qd2 Qd8 19. b4 axb4 20. axb4 Qe7 21. Ra1 Nb6 22.
Bc2 Red8 23. Qe3 Nc4 24. Qe2 Bf8 25. Bb3 Nb6 26. g3 Qe8 27. Qb2 Rxa1 28. Rxa1
Ra8 29. Ne5 Rxa1+ 30. Qxa1 Qa8 31. Qxa8 Bxa8 32. Nd3 Bb7 33. Kf1 Be7 34. Ke2 Kf8
35. Bd2 h5 36. Bg5 Ba6 37. Bxe7+ Kxe7 38. Nxc5 Bc8 39. Ke3 Nd7 40. Nd3 Nb6 41.
Kf4 Nd7 42. f3 Nf6 43. e5 1-0

[Event "9th Sunway Sitges 2022"]
[Site "Sitges ESP"]
[Date "2022.12.14"]
[Round "3.108"]
[White "Leisch, Lukas"]
[Black "Barkasheva, Sofia"]
[Result "1-0"]
[WhiteTitle "IM"]
[WhiteElo "2405"]
[BlackElo "1588"]
[WhiteFideId "1632094"]
[BlackFideId "4510615"]
[EventDate "2022.12.12"]

1. e4 c5 2. Nf3 e6 3. d4 cxd4 4. Nxd4 a6 5. Bd3 Nf6 6. O-O Qc7 7. Qe2 d6 8. c4
g6 9. Nc3 Bg7 10. Be3 O-O 11. Rac1 Nc6 12. Rfd1 Ne5 13. h3 b6 14. b3 Bb7 15. Bb1
Nc6 16. Nf3 Ne5 17. Nh2 Rfd8 18. f4 Ned7 19. Nf1 Nc5 20. Nd2 Bc6 21. g4 Qb7 22.
Bf2 d5 23. cxd5 exd5 24. e5 d4 25. exf6 dxc3 26. fxg7 cxd2 27. Rxd2 Ne6 28. Be3
Rxd2 29. Qxd2 Nxg7 30. f5 b5 31. Bd4 Be4 32. Bxg7 Bxb1 33. Bb2 Be4 34. Qd4 Kf8
35. Qh8+ Ke7 36. Qe5+ Kf8 37. Rc7 Qb6+ 38. Bd4 f6 39. Qe7+ Kg8 40. Qg7# 1-0

[Event "9th Sunway Sitges 2022"]
[Site "Sitges ESP"]
[Date "2022.12.14"]
[Round "3.109"]
[White "Butolo, Alexandru-Mircea"]
[Black "Van Dael, Siem"]
[Result "0-1"]
[WhiteTitle "CM"]
[BlackTitle "FM"]
[WhiteElo "2043"]
[BlackElo "2345"]
[WhiteFideId "1261649"]
[BlackFideId "1049771"]
[EventDate "2022.12.12"]

1. e4 g6 2. d4 Bg7 3. Nf3 e6 4. Be2 b6 5. Be3 Bb7 6. Nc3 d6 7. Qd2 Nd7 8. O-O-O
h6 9. Ne1 Ne7 10. f4 d5 11. e5 h5 12. Nd3 Nf5 13. Bf2 a6 14. g3 Rc8 15. Bf3 c5
16. dxc5 bxc5 17. h3 h4 18. g4 Ng3 19. Rhe1 Qe7 20. a3 Nb6 21. Kb1 d4 22. Ne4
Nc4 23. Nd6+ Qxd6 24. exd6 Nxd2+ 25. Rxd2 Bxf3 26. b4 Ne4 27. Rxe4 Bxe4 28. d7+
Kxd7 29. Nxc5+ Rxc5 30. bxc5 0-1

[Event "9th Sunway Sitges 2022"]
[Site "Sitges ESP"]
[Date "2022.12.14"]
[Round "3.110"]
[White "Vogt, Lothar"]
[Black "Saveljevs, Aleksandrs"]
[Result "1/2-1/2"]
[WhiteTitle "GM"]
[WhiteElo "2339"]
[BlackElo "1974"]
[WhiteFideId "4611292"]
[BlackFideId "11601779"]
[EventDate "2022.12.12"]

1. e4 c5 2. Nf3 Nc6 3. d4 cxd4 4. Nxd4 g6 5. c4 Bg7 6. Be3 Nf6 7. Nc3 O-O 8. Be2
d6 9. O-O Bd7 10. Qd2 Nxd4 11. Bxd4 Bc6 12. f3 a5 13. b3 Nd7 14. Be3 Nc5 15.
Rab1 Qb6 16. Rfc1 Rfc8 17. Nd5 Qd8 18. Bg5 Bxd5 19. exd5 Qb6 20. Kh1 Qb4 21. Rc2
Qxd2 22. Rxd2 Kf8 23. Be3 Bc3 24. Rdd1 Bb4 25. Bc1 Bc3 26. Kg1 Nd7 27. Kf1 Ke8
28. a3 Nc5 29. Be3 Bf6 30. Rdc1 Be5 31. Kf2 Bf6 32. b4 axb4 33. axb4 Na4 34. Rb3
Nb2 35. Rc2 Na4 36. c5 dxc5 37. bxc5 b6 38. Bb5+ Kd8 39. Bc6 Nxc5 40. Bxc5 bxc5
41. Bxa8 Rxa8 42. Ke2 Be5 43. g3 Bd6 44. Rbb2 Ra4 45. Ra2 Rd4 46. Rd2 Rb4 47. f4
Kd7 48. Ra7+ Bc7 49. Ra8 Bd8 50. Ra6 1/2-1/2

[Event "9th Sunway Sitges 2022"]
[Site "Sitges ESP"]
[Date "2022.12.14"]
[Round "3.111"]
[White "Milat, Marcel"]
[Black "Renganayaki Venkatesh"]
[Result "1-0"]
[WhiteTitle "FM"]
[WhiteElo "2290"]
[BlackElo "1978"]
[WhiteFideId "2602105"]
[BlackFideId "25705407"]
[EventDate "2022.12.12"]

1. Nf3 d5 2. g3 Nd7 3. Bg2 e5 4. O-O Ngf6 5. d4 exd4 6. Nxd4 Nb6 7. Qd3 Be7 8.
a4 a5 9. Nf5 Bxf5 10. Qxf5 O-O 11. Rd1 c6 12. e4 Qc8 13. Qxc8 Rfxc8 14. exd5
Nfxd5 15. c3 Rd8 16. Nd2 h6 17. h4 f5 18. Re1 Bf6 19. Bh3 g6 20. h5 Kf7 21. Nf3
Nc4 22. Bf1 Nd6 23. Bxh6 gxh5 24. Ne5+ Bxe5 25. Rxe5 Kf6 26. Ree1 Rh8 27. Bd2
Ne4 28. Rad1 Rad8 29. Bc1 h4 30. g4 Rhg8 31. f3 Nc5 32. g5+ Kf7 33. Bc4 Nxa4 34.
Re5 Nb6 35. Rxf5+ Ke6 36. Re1+ Kd6 37. Bf1 Rdf8 38. Bh3 Rxf5 39. Bxf5 Nc4 40.
Kf2 Rf8 41. Re6+ Kc7 42. Be4 Nd6 43. Bh7 Kd7 44. Rh6 Ke7 45. Rxh4 Rh8 46. Kg3 b5
47. Rh6 a4 48. Rh2 c5 49. Re2+ Kf7 50. Re5 Ne7 51. g6+ Kf6 52. Rxc5 Ndf5+ 53.
Kg4 Nh6+ 54. Kf4 1-0

[Event "9th Sunway Sitges 2022"]
[Site "Sitges ESP"]
[Date "2022.12.14"]
[Round "3.113"]
[White "Gaboyan, Susanna"]
[Black "Villa Tornero, Alex"]
[Result "0-1"]
[WhiteTitle "WIM"]
[WhiteElo "2200"]
[BlackElo "1925"]
[WhiteFideId "13303627"]
[BlackFideId "54501091"]
[EventDate "2022.12.12"]

1. Nf3 d5 2. g3 c6 3. Bg2 Nf6 4. O-O Bf5 5. d3 e6 6. Nbd2 h6 7. Qe1 Be7 8. e4
Bh7 9. Qe2 O-O 10. Ne5 Nbd7 11. f4 dxe4 12. Nxd7 Qxd7 13. dxe4 Rad8 14. Kh1 Qd4
15. Nb3 Qa4 16. Re1 Rd7 17. Bd2 Rfd8 18. Bc3 b6 19. Bxf6 Bxf6 20. c3 c5 21. e5
Be7 22. Bf3 Bd3 23. Qg2 Bc4 24. Re4 Qa6 25. Be2 b5 26. Bxc4 bxc4 27. Qe2 Rd3 28.
Rf1 cxb3 29. axb3 Qa2 30. Ra4 Qxb3 31. Rxa7 Qd5+ 32. Kg1 c4 0-1

[Event "9th Sunway Sitges 2022"]
[Site "Sitges ESP"]
[Date "2022.12.15"]
[Round "4.1"]
[White "Aravindh, Chithambaram VR."]
[Black "Yu, Yangyi"]
[Result "1/2-1/2"]
[WhiteTitle "GM"]
[BlackTitle "GM"]
[WhiteElo "2607"]
[BlackElo "2728"]
[WhiteFideId "5072786"]
[BlackFideId "8603820"]
[EventDate "2022.12.12"]

1. d4 Nf6 2. c4 e6 3. Bf4 Bb4+ 4. Nd2 Nh5 5. Bg3 d6 6. a3 Bxd2+ 7. Qxd2 e5 8.
Nf3 Nc6 9. Bh4 f6 10. e3 g5 11. Bg3 Bf5 12. Be2 Bg6 13. Qc3 Qe7 14. d5 Nb8 15.
Nd2 Nd7 16. f3 Nxg3 17. hxg3 f5 18. e4 f4 19. g4 a5 20. b4 O-O 21. Nb3 axb4 22.
axb4 Nf6 23. c5 h5 24. gxh5 Nxh5 25. Kd2 Ng3 26. Rxa8 Rxa8 27. Ra1 Qd8 28. Bd3
Be8 29. Na5 Rb8 30. Rc1 g4 31. cxd6 cxd6 32. Qc7 gxf3 33. gxf3 Bh5 34. Be2 b6
35. Qxd8+ Rxd8 36. Nb3 Ra8 37. Ra1 Rc8 38. Rc1 Ra8 39. Ra1 Rc8 40. Rc1 1/2-1/2

[Event "9th Sunway Sitges 2022"]
[Site "Sitges ESP"]
[Date "2022.12.15"]
[Round "4.2"]
[White "Niemann, Hans Moke"]
[Black "Sanal, Vahap"]
[Result "1-0"]
[WhiteTitle "GM"]
[BlackTitle "GM"]
[WhiteElo "2698"]
[BlackElo "2597"]
[WhiteFideId "2093596"]
[BlackFideId "6300545"]
[EventDate "2022.12.12"]

1. d4 d5 2. Nf3 Nf6 3. g3 g6 4. Bg2 Bg7 5. O-O O-O 6. c3 Nbd7 7. a4 a5 8. Na3
Nb6 9. b3 Ne4 10. Bb2 c6 11. c4 Be6 12. Ne5 Nd7 13. Nd3 Ndf6 14. Nf4 Bc8 15.
cxd5 cxd5 16. Nb5 Bf5 17. Rc1 Rc8 18. Rxc8 Qxc8 19. f3 Nd6 20. Nc3 Qc6 21. g4
Bh6 22. e3 Bc8 23. Qd3 b6 24. Rc1 Qa8 25. Ba3 Ba6 26. Qd2 Rc8 27. h4 Bxf4 28.
exf4 Rc6 29. f5 gxf5 30. Re1 Qd8 31. g5 Nh5 32. Nxd5 e6 33. Nc3 f4 34. d5 Nf5
35. Rd1 Rc8 36. d6 Qd7 37. Bh3 Ne3 38. Rc1 Bb7 39. Ne4 Rxc1+ 40. Qxc1 Bc6 41.
Qc3 Nd5 42. Qe5 1-0

[Event "9th Sunway Sitges 2022"]
[Site "Sitges ESP"]
[Date "2022.12.15"]
[Round "4.3"]
[White "Svane, Frederik"]
[Black "Van Foreest, Jorden"]
[Result "1/2-1/2"]
[WhiteTitle "GM"]
[BlackTitle "GM"]
[WhiteElo "2568"]
[BlackElo "2690"]
[WhiteFideId "12923044"]
[BlackFideId "1039784"]
[EventDate "2022.12.12"]

1. e4 c6 2. d4 d5 3. exd5 cxd5 4. c3 Nc6 5. Bd3 Nf6 6. Nf3 Bg4 7. h3 Bh5 8. Bf4
e6 9. Nbd2 Bd6 10. Bxd6 Qxd6 11. O-O O-O 12. Re1 Ne7 13. a4 Rab8 14. a5 Bg6 15.
Ne5 Bxd3 16. Nxd3 Qc7 17. g3 Nc6 18. Qa4 Ne8 19. h4 Nd6 20. Kg2 Rfc8 21. Nc5 Qd8
22. Nd3 h6 23. Ra2 Qf6 24. Qd1 Qd8 25. Qa4 Kh8 26. Raa1 Ra8 27. Nf3 Nc4 28. Nfe5
N6xe5 29. Nxe5 Kg8 30. Nxc4 Rxc4 31. Qb5 Rb8 32. Ra2 h5 33. Rea1 g6 34. Ra4 a6
35. Qb3 b5 36. axb6 Rxb6 37. Qc2 Qb8 38. R1a2 Rxa4 39. Qxa4 Rxb2 40. Qxa6 Rb6
41. Qa8 Qxa8 42. Rxa8+ Kg7 43. Rc8 Rb2 44. Kf3 Rc2 45. Ke3 f6 46. Rc7+ Kf8 47.
Kf3 g5 48. hxg5 fxg5 49. Rh7 g4+ 50. Ke3 Rxc3+ 51. Ke2 Rc2+ 52. Ke3 Rc3+ 1/2-1/2

[Event "9th Sunway Sitges 2022"]
[Site "Sitges ESP"]
[Date "2022.12.15"]
[Round "4.4"]
[White "Alekseenko, Kirill"]
[Black "Wadsworth, Matthew J"]
[Result "1-0"]
[WhiteTitle "GM"]
[BlackTitle "IM"]
[WhiteElo "2672"]
[BlackElo "2470"]
[WhiteFideId "4135539"]
[BlackFideId "415804"]
[EventDate "2022.12.12"]

1. Nf3 d5 2. g3 Bg4 3. Bg2 c6 4. O-O Nd7 5. h3 Bxf3 6. Bxf3 e5 7. d3 Ngf6 8. e4
dxe4 9. dxe4 Nc5 10. Qe2 Ne6 11. c3 a5 12. Rd1 Qc7 13. a4 Bc5 14. Nd2 O-O 15.
Nc4 Rad8 16. Rxd8 Rxd8 17. h4 h6 18. Kg2 Kh7 19. Be3 Ra8 20. Rd1 Ra6 21. Bg4
Bxe3 22. Nxe3 Nc5 23. Qc4 Nxg4 24. Nxg4 Qe7 25. Ne3 g6 26. h5 Ra8 27. Rh1 b6 28.
b4 axb4 29. cxb4 Rxa4 30. hxg6+ fxg6 31. Qc1 Nxe4 32. Qxc6 Qf8 33. Qb7+ 1-0

[Event "9th Sunway Sitges 2022"]
[Site "Sitges ESP"]
[Date "2022.12.15"]
[Round "4.5"]
[White "Karthikeyan, Murali"]
[Black "Velten, Paul"]
[Result "1-0"]
[WhiteTitle "GM"]
[BlackTitle "GM"]
[WhiteElo "2620"]
[BlackElo "2465"]
[WhiteFideId "5074452"]
[BlackFideId "681091"]
[EventDate "2022.12.12"]

1. e4 e5 2. Nf3 Nc6 3. Bb5 Nf6 4. O-O Nxe4 5. Re1 Nd6 6. Nxe5 Be7 7. Bd3 Nxe5 8.
Rxe5 O-O 9. Nc3 c6 10. b3 Bf6 11. Re3 Re8 12. Ba3 Rxe3 13. fxe3 Ne8 14. Qf3 d5
15. Rf1 Be6 16. Ne2 Qa5 17. Bc1 Qxa2 18. Nf4 Bd7 19. Nh5 Be6 20. Nf4 Bd7 21. Nh5
Be6 22. Nxf6+ Nxf6 23. Qg3 Ne4 24. Bxe4 dxe4 25. Qe5 Re8 26. Bb2 f6 27. Qc3 b5
28. Ra1 1-0

[Event "9th Sunway Sitges 2022"]
[Site "Sitges ESP"]
[Date "2022.12.15"]
[Round "4.6"]
[White "Sumets, Andrey"]
[Black "Grigoryan, Karen H."]
[Result "0-1"]
[WhiteTitle "GM"]
[BlackTitle "GM"]
[WhiteElo "2506"]
[BlackElo "2619"]
[WhiteFideId "14105500"]
[BlackFideId "13301004"]
[EventDate "2022.12.12"]

1. d4 d6 2. Nf3 g6 3. c4 Bg7 4. e4 Bg4 5. Be2 c5 6. d5 e6 7. Nc3 exd5 8. exd5
Ne7 9. Bf4 O-O 10. O-O Nf5 11. h3 Bxf3 12. Bxf3 Na6 13. Re1 Nc7 14. Rb1 b6 15.
Be4 Nd4 16. Bd3 Rb8 17. Ne4 Ne8 18. Qd2 Rb7 19. b4 Re7 20. bxc5 bxc5 21. Bg5 f6
22. Be3 f5 23. Nc3 Nf6 24. Bxd4 cxd4 25. Nb5 Ne8 26. Rxe7 Qxe7 27. Qa5 f4 28.
Nxa7 f3 29. Nc6 Qh4 30. Qd8 Qf4 31. g3 Qd2 32. Bf1 Bh6 33. Qh4 Be3 34. fxe3 dxe3
35. Qd4 Qf2+ 36. Kh1 Nf6 37. Ne7+ Kf7 38. Qa7 Nh5 39. Nf5+ Kg8 40. Nh6+ Kh8 41.
Qd4+ Rf6 0-1

[Event "9th Sunway Sitges 2022"]
[Site "Sitges ESP"]
[Date "2022.12.15"]
[Round "4.7"]
[White "Puranik, Abhimanyu"]
[Black "Sochacki, Christophe"]
[Result "1-0"]
[WhiteTitle "GM"]
[BlackTitle "GM"]
[WhiteElo "2616"]
[BlackElo "2463"]
[WhiteFideId "5061245"]
[BlackFideId "662569"]
[EventDate "2022.12.12"]

1. e4 e5 2. Nf3 Nf6 3. Nxe5 d6 4. Nf3 Nxe4 5. Bd3 d5 6. O-O Be7 7. Re1 O-O 8.
Bxe4 dxe4 9. Rxe4 c5 10. d3 Nc6 11. Nbd2 b6 12. Re1 Bb7 13. Nc4 Qd5 14. Bf4 Rae8
15. c3 Rd8 16. Re3 Rd7 17. Qf1 f6 18. Rae1 g5 19. Bg3 f5 20. Nfe5 f4 21. Nxd7
Qxd7 22. Re6 fxg3 23. hxg3 Rf6 24. Rxf6 Bxf6 25. Qe2 Ne7 26. Ne3 Ng6 27. Rd1 Qe6
28. d4 cxd4 29. cxd4 Qxa2 30. Qb5 Qf7 31. d5 Ne5 32. Rc1 Bd8 33. Qe2 Qg6 34. g4
Qe4 35. Rd1 Kf8 36. f3 Qf4 37. Nf5 b5 38. Re1 Bc7 39. d6 Bb6+ 40. Kh1 Bxf3 41.
gxf3 Ba5 42. Qxe5 Qxf3+ 43. Kg1 Qxg4+ 44. Kh2 Qh5+ 45. Kg3 Bxe1+ 46. Qxe1 Qf7
47. Qe5 Qb3+ 48. Ne3 Qb4 49. Qh8+ Kf7 50. Qxh7+ Kf8 51. Qe7+ Kg8 52. Qxg5+ 1-0

[Event "9th Sunway Sitges 2022"]
[Site "Sitges ESP"]
[Date "2022.12.15"]
[Round "4.8"]
[White "Durarbayli, Vasif"]
[Black "Tahay, Alexis"]
[Result "1/2-1/2"]
[WhiteTitle "GM"]
[BlackTitle "IM"]
[WhiteElo "2612"]
[BlackElo "2400"]
[WhiteFideId "13402935"]
[BlackFideId "26090961"]
[EventDate "2022.12.12"]

1. e4 c5 2. Nf3 d6 3. d4 cxd4 4. Nxd4 Nf6 5. Nc3 a6 6. Be3 e5 7. Nb3 Be6 8. h3
Be7 9. f4 exf4 10. Bxf4 Nc6 11. Qe2 Rc8 12. O-O-O Nb4 13. Kb1 O-O 14. Qe3 Qe8
15. Bxd6 Bxd6 16. Rxd6 Qe7 17. Rd2 Rfe8 18. Bd3 Nxd3 19. cxd3 Bxb3 20. axb3 Qb4
21. Rc1 Qxb3 22. Rdc2 Rcd8 23. g4 b5 24. g5 Nd7 25. Ne2 Ne5 26. Rc3 Qb4 27. Nf4
Ng6 28. Rf1 Qe7 29. Nxg6 hxg6 30. h4 Rd6 31. Rf3 1/2-1/2

[Event "9th Sunway Sitges 2022"]
[Site "Sitges ESP"]
[Date "2022.12.15"]
[Round "4.9"]
[White "Samant, Aditya S"]
[Black "Adhiban, Baskaran"]
[Result "1-0"]
[WhiteTitle "IM"]
[BlackTitle "GM"]
[WhiteElo "2470"]
[BlackElo "2611"]
[WhiteFideId "35080580"]
[BlackFideId "5018471"]
[EventDate "2022.12.12"]

1. e4 c5 2. Nf3 Nc6 3. Bb5 e6 4. Bxc6 bxc6 5. d3 Ne7 6. Nbd2 Ng6 7. h4 h5 8. e5
Qc7 9. Qe2 f6 10. Nc4 Ba6 11. Qe4 Kf7 12. Bf4 Bxc4 13. dxc4 d5 14. exd6 Bxd6 15.
Bxd6 Qxd6 16. Rd1 Qc7 17. O-O Rhd8 18. Rfe1 Rd6 19. b4 Rad8 20. Rxd6 Qxd6 21.
bxc5 Qxc5 22. Qxe6+ Kf8 23. c3 Rb8 24. Ng5 fxg5 25. Qxg6 gxh4 26. Re3 Qa3 27.
Qe6 Qc1+ 28. Kh2 1-0